| 000 | 00746nam a2200205 a 4500 | ||
|---|---|---|---|
| 001 | BRCA_1466 | ||
| 005 | 20190320203436.0 | ||
| 008 | 141105s199u----mx-a######---#000-0#spa-d | ||
| 041 | _aspa | ||
| 044 | _amx | ||
| 050 | 4 |
_aN8070 _b.E83 1990 |
|
| 100 | 1 |
_aEscalada, Xavier _cS. J. _d1918-2006 _94797 |
|
| 245 | 1 | 0 |
_aMaría Tequatlasupe _bpequeños estudios en torno al gran hecho mexicano _cXavier Escalada S. J. |
| 260 |
_aMéxico _bIdeas y Promociones _c[199?] |
||
| 500 | _aIncluye grabado en cobre, por Samuel Stradamus. Pieza de la colección | ||
| 500 | _aEstado físico: encuadernado, enero 2013 | ||
| 650 | 1 | 4 |
_aGuadalupe nuestra señora de _xHistoria _zMéxico _94798 |
| 650 | 1 | 4 |
_aVirgen de Guadalupe _xHistoriografía _94731 |
| 942 |
_2lcc _cB |
||
| 999 |
_c1328 _d1328 |
||